000 00534ntaaa2200193 4500
003 01
005 20251027202303.0
008 0714s1973 ag 01
040 _aAR-BaBN
_bspa
_cAR-BaBN
_eaacr
_dRIC
082 _a273.1000 W69
100 _aWilson, R. Mcl.
_910100
245 _aThe gnostic problem
250 _a1 ed.
260 _aLondon :
_bA.R. Mowbray and Co,
_c1958
300 _a274 p
500 _aUn estudio de la relación entre el Judaismo helénico y la herejía gnóstica
650 _agnosticismo
_910146
942 _cBK
999 _c17628
_d17628